Globalización, ciudadanía y multiculturalismo

Guardat en:
Dades bibliogràfiques
Autors principals: Elbaz, Mikhaël (Autor), Helly, Denise (Autor)
Format: Llibre
Idioma:espanyol
Publicat: Granada Maristán 2002
Matèries:
Etiquetes: Afegir etiqueta
Sense etiquetes, Sigues el primer a etiquetar aquest registre!

MARC

LEADER 00000nam a2200000 a 4500
001 UCG1905
003 CL-VaPUC
008 100531e20020000SP |||||||||||||||||spa|d
020 |a 8493240501 
082 0 4 |a 302.4  |b ELB  |2 21 
100 0 |a Elbaz, Mikhaël  |e author  |9 550025 
700 0 |a Helly, Denise  |e author  |9 550026 
245 1 0 |a Globalización, ciudadanía y multiculturalismo 
300 |a 289 p 
942 |c BK 
945 |d 20100531 00:00:00  |a rbrito 
260 |a Granada  |b Maristán  |c 2002 
650 0 |a Globalización  |9 361930 
650 0 |a Ciudadanía  |9 258339 
650 0 |a Cultura  |9 269059 
650 0 |a Política  |9 255312 
650 0 |a Justicia social  |9 314874 
650 7 |a NACIONALISMO  |2 CL-VaPUC  |9 550027 
583 |a last modification  |c 20100531 00:00:00  |k Rodrigo Vera 
999 |c 341163  |d 341161 
952 |0 0  |1 0  |4 0  |6 302_400000000000000_ELB_2002  |7 0  |8 A  |9 436459  |a BIBGIM  |b BIBGIM  |d 2019-11-22  |i 4679660  |l 1  |o 302.4 ELB 2002  |p 4679660  |r 2025-01-15  |s 2022-09-01  |w 2019-11-22  |y BK  |k SSL